000 01477cam a2200433 a 4500
001 21983
003 VRT
005 20260317092022.0
008 240226s2003 xo gr 000 f slo
015 _aSNBA2003/07-02119
020 _a8055105200
_q(viazané)
035 _aSNK000409735
035 _aurn:nbn:sk:snk-am3j13l
035 _a75884559-3BBC-459F-BD61-97F9AFD32913
035 _aurn:nbn:sk:snk-am00ghqe
039 9 _a202402262036
_bVLOAD
_c202205091508
_dVLOAD
_c202204221210
_dVLOAD
_c202103031300
_dmsnk03
040 _aSNK
_bslo
_cSNK
_eAACR2
041 1 _aslo
_heng
044 _axo
_cSK
072 7 _a821.111(73)-3
_xAmerická próza
_2konspekt
080 _a821.111(73)-31
_22011
080 _a(0:82-312.5)
_22011
100 1 _aGarwood, Julie,
_d1946-
_4aut
240 1 4 _aThe Secret
_lSlovensky
245 1 0 _aTajomstvo
_cJulie Garwoodová ; z anglického originálu preložila Marta Pašková
250 _a[1. vydanie]
260 _aBratislava
_bIkar
_c2003
300 _a303 strán
_c21 cm
655 7 _aamerické romány
_2SNKPH
655 7 _aľúbostné romány
_2SNKPH
700 1 _aPašková, Marta
_4trl
910 _asnk
942 _2ddc
_cKLDO
_n0
949 _62889134772
_asavukPV 5997
949 _6270001000210649
_asvkbbA 107338
_bsvkbbm 649229
_p649229
949 _6273K0128791
_asvkpoA 184585
_bsvkpo460889
949 _617A0385324
_asnkSC 111807
_bsnkKSP 6740/2003
_s6100:20210419
949 _617A0385590
_asnkSC 111807 D1
_bsnkKSP 6983/2003
999 _c21983
_d21983